00851nam a22002057a 450000500170000001000150001702000260003203500130005803700130007108200080008410000230009224501350011526000530025027000380030330000750034150000680041694200220048499900170050695201220052320150514115939.0 aENG-112623 c550.00a9789382396109 aEN-96155 bDBAD/PUB a270 aBalkrishan Shivram00aKinship structures and foster relations in Islamic society :cby Balkrishan Shivrambmilk kinship allegiance in the Mughal world / aShimlabIndian Institute of Advanced Studyc2014 aRashtrapati NivasbShimlae171005 a xiii, 171 pages, 2 unnumbered leaves of plates :c22cm(Hb)bcol. ill. a Includes bibliographical references (pages 139-166) and index. 2ddccENmBALh270 c92836d92836 001040718NFICaDBADbDBADd2015-04-09eDBAD/Pub.g550.00l0o270 BALpEN-96155r2015-04-09 00:00:00t1v550.00yEN